|
|
|
|
| LEADER |
02061nam a2200505 a 4500 |
| 001 |
nkc20122367521 |
| 003 |
CZ PrNK |
| 005 |
20121003085325.0 |
| 007 |
ta |
| 008 |
120510s2012 xr ac e c 000 0dcze |
| 020 |
|
|
|a 978-80-87069-38-7
|q (brož.)
|
| 040 |
|
|
|a BOA001
|b cze
|d OLA001
|d ABA001
|
| 043 |
|
|
|a e-xr---
|
| 045 |
|
|
|a x9y1
|
| 072 |
|
7 |
|a 75
|x Malířství
|2 Konspekt
|9 21
|
| 080 |
|
|
|a 75(437.3)
|2 MRF
|
| 080 |
|
|
|a 75.036/.038
|2 MRF
|
| 080 |
|
|
|a (437.3)
|2 MRF
|
| 080 |
|
|
|a (083.824)
|2 MRF
|
| 100 |
1 |
|
|a Samec, Jan,
|d 1955-
|7 jn20000710491
|4 art
|
| 245 |
1 |
0 |
|a Jan Samec :
|b zatímní stratigrafie : [GVUN, zámecká jízdárna - přízemí, ochoz, 4.5.-17.6.2012 /
|c autorem výstavy a úvodní stati v katalogu Ivan Neumann ; výstavu a katalog připravil Jan Kapusta]
|
| 246 |
3 |
0 |
|a Zatímní stratigrafie
|
| 246 |
3 |
0 |
|a Jan Samec - zatímní stratigrafie
|
| 260 |
|
|
|a V Náchodě :
|b Galerie výtvarného umění,
|c 2012
|
| 300 |
|
|
|a 59 s. :
|b barev. il., 1 portrét ;
|c 28 cm +
|e seznam vystavených prací (1 l.)
|
| 500 |
|
|
|a Životopisná data, přehled výstav a zastoupení ve sbírkách
|
| 500 |
|
|
|a 300 výt.
|
| 600 |
1 |
7 |
|a Samec, Jan,
|d 1955-
|7 jn20000710491
|2 czenas
|
| 648 |
|
4 |
|a 1990-2011
|
| 648 |
|
7 |
|a 20.-21. století
|7 ch462155
|2 czenas
|
| 650 |
0 |
7 |
|a české malířství
|7 ph116864
|y 20.-21. století
|2 czenas
|
| 650 |
0 |
7 |
|a moderní malířství
|7 ph122940
|z Česko
|2 czenas
|
| 650 |
0 |
9 |
|a Czech painting
|y 20th-21st centuries
|2 eczenas
|
| 650 |
0 |
9 |
|a modern painting
|z Czechia
|2 eczenas
|
| 655 |
|
7 |
|a katalogy výstav
|7 fd132536
|2 czenas
|
| 655 |
|
9 |
|a exhibition catalogs
|2 eczenas
|
| 700 |
1 |
|
|a Neumann, Ivan,
|d 1945-2025
|7 jo2002105845
|4 wfw
|
| 700 |
1 |
|
|a Kapusta, Jan,
|d 1958-
|7 ola2002146311
|4 edt
|
| 710 |
2 |
|
|a Galerie výtvarného umění (Náchod, Česko)
|7 kn20010724245
|
| 910 |
2 |
|
|a BOA001
|b 3-1288.747
|
| 928 |
9 |
|
|a Galerie výtvarného umění v Náchodě
|
| 990 |
|
|
|a BK
|
| 995 |
|
|
|a 11
|
| 991 |
|
|
|b 201209
|c NOV
|e n
|
| 996 |
6 |
|
|b 2610519652
|c 3-1288.747
|l MZK
|r Sklad / do 1 hodiny
|n 0
|p p.v.
|w 001274813
|u 000010
|a 1
|e BOA001
|j MZK50
|s P
|